000 00728nam a2200241 i 4500
003 DO-SdBNP
005 20250611073818.0
007 ta
008 230919b2022 dr a|||| |||| 00| 0 spa d
020 _a9789945621860
040 _aDO-SdBNP
_bspa
_cBNPHU
_erda
082 4 _bR426n
_222
110 1 _aRepública Dominicana.
_bMinisterio de Salud Pública
_980830
245 1 0 _aNormas administrativas y de gestión de enfermería
264 _aSanto Domingo :
_bMinisterio de Salud Pública,
_c2022.
300 _a42 páginas ;
_c22 cm.
336 _2rdacontent
_atexto
_btxt
337 _2rdamedia
_asin mediación
_bn
338 _2rdacarrier
_avolumen
_bnc
590 _aInventariado, 2023/DG
910 _aDG
942 _2ddc
_cLF2
999 _c54845
_d54845